| 000 | 00559nam a2200121Ia 4500 | ||
|---|---|---|---|
| 008 | 171212s9999 xx 000 0 und d | ||
| 100 | _aVedder, Richard K;Gallaway, Lowell E. | ||
| 245 |
_cVedder, Richard K;Gallaway, Lowell E. _aOut of Work _bUnemployment and Government in Twentieth-Century America |
||
| 260 |
_bNew York University Press _c1997 |
||
| 650 | _aBusiness | ||
| 650 | _aUnemployment -- United States -- History -- 20th century; Employment (Economic theory); United States -- Economic conditions | ||
| 856 | _uhttp://www.jstor.org/stable/j.ctt9qg19k | ||
| 999 |
_c351548 _d351548 |
||